The true Christian method of educating the children : both of the rich and poor. By the Right Reverend Father in God, Thomas Lord Bishop of Sodor and Man.

Bibliographic Details
Main Author: Wilson, Thomas, 1663-1755
Format: eBook
Language:English
Series:Eighteenth century collections online.
Online Access:Full text online

MARC

Tag First Indicator Second Indicator Subfields
LEADER 00000cam a2200000 4500
001 in00001944331
006 m | d |
007 cr |n||||||||n
008 790217s1745 enk|||| s 00| ||eng d
005 20260414180207.0
035 |a (CStRLIN)ESTCT14195 
040 |a Uk-ES  |c Uk-ES  |d CStRLIN  |d Thomson Gale  |d UtOrBLW 
100 1 |a Wilson, Thomas,  |d 1663-1755. 
245 1 4 |a The true Christian method of educating the children :  |b both of the rich and poor. By the Right Reverend Father in God, Thomas Lord Bishop of Sodor and Man. 
264 3 |a London :  |b printed for J. Osborn,  |c 1745. 
300 |a 35, 1 unnumbered page ;  |c 12⁰. 
336 |a text  |b txt  |2 rdacontent 
337 |a computer  |b c  |2 rdamedia 
338 |a online resource  |b cr  |2 rdacarrier 
500 |a Reproduction of original from the British Library. 
510 4 |a English Short Title Catalog,  |c ESTCT14195. 
533 |a Electronic reproduction.  |b Farmington Hills, Mich. :  |c Thomson Gale,  |d 2003.  |n Available via the World Wide Web.  |n Access limited by licensing agreements  |7 s2003 miunns 
500 |a Electronic resource. 
830 0 |a Eighteenth century collections online. 
856 4 0 |u http://proxy.library.tamu.edu/login?url=https://galenet.galegroup.com/servlet/ECCO?c=1&stp=Author&ste=11&af=BN&ae=T014195&tiPG=1&dd=0&dc=flc&docNum=CW119616220&vrsn=1.0&srchtp=a&d4=0.33&n=10&SU=0LRF&locID=txshracd2898  |z Full text online  |t 0 
999 |a MARS 
999 f f |s 365626b9-1cf3-3f94-92f1-f8a8a9c0a830  |i a1ffb548-bcfb-33da-ae60-2353fa4a268b  |t 0 
952 f f |a Texas A&M University  |b College Station  |c Electronic Resources  |s www_evans  |d Available Online  |t 0  |h No information provided 
998 f f |t 0  |l Available Online